Countries Never Ruled By Great Britain - Statistics

General Stats
  • This quiz has been taken 16 times
  • The average score is 9 of 22
Answer Stats
Hint Answer % Correct
Europe Andorra
64%
Europe Sweden
64%
Europe Vatican City
64%
South America Paraguay
57%
South America Bolivia
50%
Africa Republic of the Congo
50%
Africa Chad
43%
Europe Liechtenstein
43%
Oceania Marshall Islands
43%
Europe Monaco
43%
Asia Mongolia
43%
North America Guatemala
36%
Asia Kyrgyzstan
36%
Africa Sao Tome and Principe
36%
Asia Tajikistan
36%
Asia Uzbekistan
36%
Europe Belarus
29%
Africa Central African Republic
29%
Europe Luxembourg
29%
Africa Mali
29%
Africa Burundi
21%
Africa Ivory Coast
7%
No matching quizzes found
Score Distribution
Percent of People with Each Score
Percentile by Number Answered
Your Score History
You have not taken this quiz